Top 50 least guessed countries in the world - Statistics

General Stats
  • This quiz has been taken 88 times
  • The average score is 30 of 50
Answer Stats
Rank Percentage Country % Correct
14 30% East Timor
81%
2 25% Nauru
78%
4 26% Palau
78%
11 29% Saint Kitts and Nevis
78%
10 28% Tuvalu
78%
16 30% Saint Lucia
76%
15 30% Solomon Islands
76%
19 31% Tonga
76%
9 28% Marshall Islands
74%
6 26% Saint Vincent and the Grenadines
74%
8 27% Vanuatu
74%
25 32% Federated States of Micronesia
72%
5 26% Grenada
72%
18 31% Brunei
69%
7 26% Kiribati
69%
1 24% Sao Tome and Principe
69%
13 29% Antigua and Barbuda
68%
22 31% Cape Verde
68%
3 25% Comoros
68%
20 31% Samoa
66%
12 29% Guinea-Bissau
64%
45 41% Kyrgyzstan
64%
27 33% Mauritius
64%
24 32% Seychelles
64%
31 34% Djibouti
62%
50 43% Liechtenstein
62%
41 39% Lesotho
61%
17 30% Burundi
59%
34 36% Eswatini
59%
23 31% Burkina Faso
58%
21 31% Equatorial Guinea
57%
26 33% Sierra Leone
57%
36 37% Barbados
55%
42 41% Togo
55%
38 38% Eritrea
54%
29 34% Gambia
54%
30 34% Malawi
54%
32 35% Benin
50%
39 39% San Marino
50%
43 41% Tajikistan
50%
44 41% Rwanda
49%
35 36% Bahrain
46%
48 42% Liberia
46%
40 39% Maldives
43%
33 36% Mauritania
43%
37 37% Trinidad and Tobago
42%
28 33% Gabon
36%
46 42% Senegal
30%
47 42% Mozambique
28%
49 42% Cameroon
27%
No matching quizzes found
Score Distribution
Percent of People with Each Score
Percentile by Number Answered
Your Score History
You have not taken this quiz